Normal view
MARC view
Entry Personal Name
001 - CONTROL NUMBER
- control field: 53266
003 - CONTROL NUMBER IDENTIFIER
- control field: dpl
005 - DATE AND TIME OF LATEST TRANSACTION
- control field: 20121019124731.0
008 - FIXED-LENGTH DATA ELEMENTS
- fixed length control field: 121019|||a|||||| | ||| d
040 ## - CATALOGING SOURCE
- Original cataloging agency: dpl
- Transcribing agency: dpl
100 ## - HEADING--PERSONAL NAME
- Personal name: Bluttman, Ken
670 ## - SOURCE DATA FOUND
- Source citation: Work cat.: (dpl)0: Bluttman, Ken, HTML5 multimedia developer's guide /, 2012
670 ## - SOURCE DATA FOUND
- Source citation: Work cat.: (dpl)0: Bluttman, Ken, HTML5 multimedia developer's guide /, 2012
